000 00612nam a2200241Ia 4500
003 OSt
005 20140313140748.0
008 140130s9999 xx 000 0 und d
020 _a9780590458139
050 _aPZ 8.2
_b.B13Bl 1992
100 _aBackstein, Karen.
245 _cKaren Backstein.
_aThe blind men and the elephant /
260 _bScholastic Inc.,
_c1992.
_aUSA :
300 _a30 p. :
_bcol. ill. ;
_c23 cm.
440 _v1
521 _aG1
526 _c280
650 _aFables.
650 _aFolklore
_xIndia.
650 _aElephants
_xFolklore.
942 _cBK
_2lcc
999 _c40093
_d40093